000 03190cam a2200181 4500500
005 20260111112429.0
041 _afre
042 _adc
100 1 0 _aMoro, Marie Rose
_eauthor
245 0 0 _aChérif Cissé, un interprète et un homme bon
260 _c2022.
500 _a95
520 _aLe texte qui suit se propose de présenter des pistes de travail dans le suivi psychothérapeutique d’enfants et d’adolescents installés en lieux de transit, en contexte humanitaire. La réflexion s’ouvre sur une présentation du cadre de l’intervention, interrogeant d’emblée le positionnement clinique du psychologue en situation humanitaire. À partir des consultations menées auprès de cette population réfugiée de Mossoul en Irak par une Organisation-Non-Gouvernementale Internationale, se pose la question de la possibilité d’une articulation entre une approche psychothérapeutique psychodynamique avec la réalité du terrain humanitaire. Comment travailler dans l’urgence lorsqu’il s’agit de restaurer la temporalité psychique? Ce travail de réflexion à partir de la clinique amène à penser le cadre thérapeutique ainsi que les réaménagements nécessaires à cette pratique de l’entre-deux.
520 _aThe following paper explores the possibilities of a psychotherapeutic approach when working with children and adolescents in humanitarian temporary settlements such as refugee camps. The paper opens with a brief presentation of the humanitarian framework and its impact on the psychologist’s profession. Based on the clinical experience acquired in the field with an International Non-Governmental-Organization with a refugee population from Mosul (Iraq), the limits of a psychodynamic approach are shown. A reflection is proposed around the central question: How should we deal with emergency while at the same time attempting to repair psychic temporality? These considerations have been developed from clinical practice as a starting point, reappraising the theoretical model and showing the need to reflect on methodology when practising in a temporary environment.
520 _aEl siguiente texto presenta enfoques para la atención psicoterapéutica de niños y adolescentes en situaciones de tránsito en un contexto humanitario. El documento comienza con una presentación del marco de la intervención, cuestionando la posición clínica del psicólogo en una situación humanitaria. A partir de las consultas realizadas a esta población de refugiados en Mosul (Irak) por una organización no gubernamental internacional, se plantea la cuestión de la posibilidad de vincular un enfoque psicoterapéutico psicodinámico con la realidad del ámbito humanitario. ¿Cómo podemos trabajar en una situación de emergencia cuando el objetivo es restaurar la temporalidad psíquica? Esta reflexión, basada en la experiencia clínica, nos lleva a pensar en el marco terapéutico así como en los ajustes necesarios para esta práctica del tiempo intermedio.
786 0 _nL'autre | Volume 22 | 3 | 2022-03-14 | p. 274-287 | 1626-5378
856 4 1 _uhttps://shs.cairn.info/revue-l-autre-2021-3-page-274?lang=fr&redirect-ssocas=7080
999 _c1632291
_d1632291